| 000 | 00519nam a22001577a 4500 | ||
|---|---|---|---|
| 005 | 20151204143208.0 | ||
| 008 | 151119b xxu||||| |||| 00| 0 eng d | ||
| 050 |
_aLC49. _bS5 |
||
| 100 |
_aSizer, Theodore R. (ed.) _921140 |
||
| 245 |
_aThe age of the academies _cby Sizer, Theodore R. |
||
| 260 |
_aNew York _bBereau of Publications _c1964 |
||
| 300 |
_ax, 201p.; _c19cm. |
||
| 440 |
_aClassics in education _vno. 22 _921141 |
||
| 650 |
_aPrivate schools _zUnited States _xAddresses _921142 |
||
| 942 |
_2lcc _cMONOGRAPH |
||
| 999 |
_c123806 _d123806 |
||